Balances consolidados (Registro nro. 1947)

Detalles MARC
000 -LEADER
fixed length control field 01117 a2200205 4500
001 - CONTROL NUMBER
control field 29721
005 - DATE AND TIME OF LATEST TRANSACTION
control field 20260407155608.0
008 - FIXED-LENGTH DATA ELEMENTS--GENERAL INFORMATION
fixed length control field 260407a1968 arg spa d
003 - CONTROL NUMBER IDENTIFIER
control field AR-UNSa-BCEJYS
040 ## - CATALOGING SOURCE
Original cataloging agency AR-UNSa-BCEJYS
Language of cataloging spa
Transcribing agency AR-UNSa-BCEJYS
080 ## - UNIVERSAL DECIMAL CLASSIFICATION NUMBER
Universal Decimal Classification number 657.37
Common auxiliary subdivision Balance anual. Cierre de cuentas (Consolidación)<br/>
100 1# - MAIN ENTRY--PERSONAL NAME
Personal name Vázquez Ger, Jesús
245 10 - TITLE STATEMENT
Title Balances consolidados
Name of part/section of a work introducción a su estudio
250 ## - EDITION STATEMENT
Edition statement 2a. ed
264 #1 - PRODUCTION, PUBLICATION, DISTRIBUTION, MANUFACTURE, AND COPYRIGHT NOTICE
Place of production, publication, distribution, manufacture Buenos Aires :
Name of producer, publisher, distributor, manufacturer Depalma
Date of production, publication, distribution, manufacture, or copyright notice 1968
300 ## - PHYSICAL DESCRIPTION
Extent 56 p.
Dimensions 21 cm.
505 ## - FORMATTED CONTENTS NOTE
Formatted contents note 1. Ámbito de aplicación de los estados consolidados - 2 . Necesidad de confeccionar los estados consolidados - 3. Cúando debe procederse a la consolidación - 4. Definición de los balances consolidados - 5. Confección de balances consolidados - 6. Créditos recíprocos - 7. Ganancias y pérdidas recíprocas - 8. Confección de balances consolidados: Su técnica - 9. Balances consolidados de incorporación - 10. Balances consolidados de ejercicio - 11. Reglas para la consolidación de balances - 12. Conclusiones<br/>
590 ## - LOCAL NOTE (RLIN)
Local note niveau_biblio:m niveau_hierar:0
942 ## - ADDED ENTRY ELEMENTS (KOHA)
Koha item type
Existencias
Withdrawn status Lost status Damaged status Not for loan Home library Current library Shelving location Date acquired Total checkouts Full call number Barcode Date last seen Price effective from Koha item type
        Biblioteca Prof. Eusebio Cleto del Rey Biblioteca Prof. Eusebio Cleto del Rey   07/04/2026   657.37 V393 2ed. L12823 07/04/2026 07/04/2026 Libro
        Biblioteca Prof. Eusebio Cleto del Rey Biblioteca Prof. Eusebio Cleto del Rey   07/04/2026   657.37 V393 2ed. L22520 07/04/2026 07/04/2026 Libro
        Biblioteca Prof. Eusebio Cleto del Rey Biblioteca Prof. Eusebio Cleto del Rey   07/04/2026   657.37 V393 2ed. L22519 07/04/2026 07/04/2026 Libro
        Biblioteca Prof. Eusebio Cleto del Rey Biblioteca Prof. Eusebio Cleto del Rey   07/04/2026   657.37 V393 2ed. L33226 07/04/2026 07/04/2026 Libro
        Biblioteca Prof. Eusebio Cleto del Rey Biblioteca Prof. Eusebio Cleto del Rey   07/04/2026   657.37 V393 2ed. L12824 07/04/2026 07/04/2026 Libro